|
|
|
|
| LEADER |
00824ncm a22002172a 4500 |
| 001 |
000189788 |
| 003 |
CZ BrMZK |
| 005 |
20120719090510.0 |
| 007 |
qu |
| 008 |
960101s1958 ru f zxx d |
| 040 |
|
|
|a BOA001
|b cze
|
| 072 |
|
7 |
|a 786
|x Hudba pro klávesové nástroje
|2 Konspekt
|9 9
|
| 100 |
1 |
|
|a Prokof‘jev, Sergej Sergejevič,
|d 1891-1953
|7 jn19990210508
|4 cmp
|
| 245 |
1 |
0 |
|a Simfonija No. 5, op. 100
|h [hudebnina] /
|c Sergej Sergejevič Prokof'jev ; pereloženije dlja fortep'jano v 4 ruki A. Vedernikova
|
| 260 |
|
|
|a Moskva :
|b Muzgiz,
|c 1958
|
| 300 |
|
|
|a 80 s.
|
| 700 |
1 |
|
|a Vedernikov, Aleksandr Filippovič,
|d 1927-2018
|7 kup20010000106449
|4 arr
|
| 910 |
|
|
|a BOA001
|b Mus4-0433.380
|
| 990 |
|
|
|a MU
|
| 991 |
|
|
|b 201207
|
| 996 |
6 |
|
|b 2619934127
|c Mus4-0433.380
|l MZK
|r Sklad / do 1 hodiny
|n 2
|w 000189788
|u 000010
|a 1
|e BOA001
|j MZK50
|s P
|